00847 2200169 4500245010300000020002200103250001100125100001700136650001800153005001900171260004000190041001400230084001100244300003200255500038100287336000900668 aMemetik Matahari b : Inspirasi dari Orang yang Melihat Terang dalam HidupnyacJakob OetamahText a978-979-709-775-2 aCet. 1 aJakob Oetama aMotivasi Diri a20240131072538 aJakartabPenerbit Buku Kompasc2013 aIndonesia a155.25 axiv + 208 hlm :c12 x 18 cm aSikap hidup, pola pikir, dan kebiasaan adalah faktor-faktor yang sangat berperan menentukan sukses dan kegagalan seseorang. Buku ini berisi butir-butir buah perenungan Agung Adiprasetyo-CEO Kompas Gramedia-yang ingin berbagi pengalaman, inspirasi, dan sekaligus menularkan motivasi positif pada siapa saja yang bercita-cita meraih sukses dalam karier, di mana pun ia berkarya. atext